Statistics for NBA Best International Player per Franchise

Click here to take the quiz!

General Stats

  • This quiz has been taken 50 times
  • The average score is 22 of 30

Answer Stats

Team Country Answer % Correct
Los Angeles LakersSpainPau Gasol
98%
Memphis GrizzliesSpainMarc Gasol
98%
Milwaukee BucksGreeceGiannis Antetokounmpo
93%
Dallas MavericksGermanyDirk Nowitzki
93%
Phoenix SunsCanadaSteve Nash
91%
Houston RocketsNigeriaHakeem Olajuwon
91%
San Antonio SpursVirgin IslandsTim Duncan
89%
Denver NuggetsCongoDikembe Mutombo
87%
Philadelphia 76ersCameroonJoel Embiid
87%
New York KnicksLatviaKristaps Porzingis
83%
Utah JazzRussiaAndrei Kirilenko
78%
Miami HeatSloveniaGoran Dragic
76%
Orlando MagicTurkeyHedo Turkoglu
76%
New Orleans Pelicans | Sacramento KingsSerbiaPredrag Stojakovic
76%
Minnesota TimberwolvesSpainRicky Rubio
74%
Washington WizardsPolandMarcin Gortat
74%
Cleveland CavaliersLithuaniaZydrunas Ilgauskas
74%
Golden State WarriorsAustraliaAndrew Bogut
74%
Charlotte HornetsFranceNicolas Batum
74%
Indiana PacersNetherlandsRik Smits,
70%
Atlanta Hawks | Boston CelticsDominican RepublicAl Horford
70%
Portland Trail BlazersLithuaniaArvydas Sabonis
67%
Chicago BullsSouth SudanLuol Deng
67%
Brooklyn NetsCroatiaDrazen Petrovic
59%
Toronto RaptorsSpainJose Calderon
59%
Oklahoma City ThunderGermanyDetlef Schrempf
43%
Detroit PistonsSwedenJonas Jerebko
37%
Los Angeles ClippersNetherlandsSwen Nater
4%

Score Distribution

Percentile by Number Answered

Percent of People with Each Score

Your Score History

You have not taken this quiz